000
00327 a2200157 4500
001
165252
020
_a
040
_c
Magnum
100
_a
Kalinovski, Rita
240
1
0
_a
Aonde vai o que eu sinto
_l
por
245
1
0
_a
Aonde vai o que eu sinto
362
0
_a
1899
440
1
_a
Dimensão
697
_a
I/GERAL
942
_c
BK
999
_c
165252
_d
165252